000 00428nam a22001577a 4500
005 20251108163338.0
008 250721s1994 xx 000 0 ara d
082 1 4 _a170/جبر
100 1 _aالجبر، محمد
245 1 0 _aالبنى الأساسية في علم الأخلاق /
264 1 _aدمشق :
_bدار المعرفة،
_c1994.
300 _a112ص
650 1 7 _aالأخلاق
942 _2ddc
_cBK
999 _c350
_d350